书目信息 |
| 题名: |
海洋调查方法
|
|
| 作者: | 侍茂崇 | |
| 分册: | ||
| 出版信息: | 北京 海洋出版社 2018.03 |
|
| 页数: | 378页 | |
| 开本: | 26cm | |
| 丛书名: | ||
| 单 册: | ||
| 中图分类: | P714 | |
| 科图分类: | ||
| 主题词: | 海洋调查 , 海洋--观测 , 海洋测量 | |
| 电子资源: | ||
| ISBN: | 7-5210-0031-5 | |
| 000 | 00627nam0 2200229 450 | |
| 001 | 2358813046 | |
| 005 | 20230216162217.01 | |
| 010 | @a7-5210-0031-5@dCNY98.00 | |
| 100 | @a20230216d2018 km y0chiy0120 ea | |
| 101 | 0 | @achi |
| 102 | @aCN@b110000 | |
| 102 | @aCN@b110000 | |
| 200 | 1 | @a海洋调查方法@AHai Yang Diao Cha Fang Fa@f侍茂崇@FShi Mao Chong |
| 210 | @a北京@c海洋出版社@d2018.03 | |
| 215 | @a378页@d26cm | |
| 606 | 0 | @a海洋调查 |
| 606 | 0 | @a海洋@x观测 |
| 606 | 0 | @a海洋测量 |
| 690 | @aP714@v4 | |
| 701 | 0 | @a侍茂崇@AShi Mao Chong |
| 801 | 0 | @aCN@b大连网信软件有限公司图书馆·11@c20230216 |
| 905 | @aZUCC@dP714@e140 | |
| 海洋调查方法/侍茂崇.-北京:海洋出版社,2018.03 |
| 378页;26cm |
| ISBN 7-5210-0031-5:CNY98.00 |
| ● |
| 相关链接 |
|
|
|
|
正题名:海洋调查方法
索取号:P714/140
 
预约/预借
| 序号 | 登录号 | 条形码 | 馆藏地/架位号 | 状态 | 备注 |
| 1 | 1052678 | 210526787 | 第二样本阅览室/ [索取号:P714/140] | 在馆 |